Central Library OPAC University of Rajshahi

English pronunciation explained with diagrams / (Record no. 50952)

MARC details
000 -LEADER
fixed length control field 00769nam a22002412a 4500
001 - CONTROL NUMBER
control field 50952
003 - CONTROL NUMBER IDENTIFIER
rucl marc code BD-RJUL
005 - DATE AND TIME OF LATEST TRANSACTION
control field 20211209075605.0
008 - FIXED-LENGTH DATA ELEMENTS--GENERAL INFORMATION
fixed length control field 160829s1965 xx 000 0 eng d
035 ## - SYSTEM CONTROL NUMBER
System control number BD-RJUL 51072
040 ## - CATALOGING SOURCE
Original cataloging agency OSU
Transcribing agency OSU
Modifying agency UKM
-- EQO
Language of cataloging eng
041 ## - LANGUAGE CODE
Language code of text/sound track or separate title eng
082 ## - DEWEY DECIMAL CLASSIFICATION NUMBER
Classification number 428.24951
Edition number 18
Author mark and year HUE 1965
100 1# - MAIN ENTRY--PERSONAL NAME
Personal name Huang, Raymond.
9 (RLIN) 152491
245 10 - TITLE STATEMENT
Title English pronunciation explained with diagrams /
Statement of responsibility, etc. by Raymond Huang; foreword by A. C. Gimson
260 ## - PUBLICATION, DISTRIBUTION, ETC. (IMPRINT)
Place of publication, distribution, etc. Hong Kong :
Name of publisher, distributor, etc. Hong Kong U. P ;
Place of publication, distribution, etc. London :
Name of publisher, distributor, etc. Oxford U. P,
Date of publication, distribution, etc. [1965]
300 ## - PHYSICAL DESCRIPTION
Pagination xvi, 180 p. :
Illustrations ill. ;
Size 26 cm
500 ## - GENERAL NOTE
General note Second t. p. in Chinese
504 ## - BIBLIOGRAPHY, ETC. NOTE
Bibliography, etc Bibliography: p. 178-179
650 #0 - SUBJECT ADDED ENTRY--TOPICAL TERM
Topical term or geographic name as entry element English language
General subdivision Pronunciation
9 (RLIN) 117012
942 ## - ADDED ENTRY ELEMENTS (KOHA)
Source of classification or shelving scheme Dewey Decimal Classification
Koha item type Books
Holdings
Lost status Source of classification or shelving scheme Damaged status Not for loan Collection code Permanent Location Current Location Shelving location Date acquired Source of acquisition Cost, normal purchase price Total Checkouts Full call number Date last seen Copy number Koha item type
  Dewey Decimal Classification     Non-fiction Central Library, University of Rajshahi Central Library, University of Rajshahi   09/03/1970 Zeit 18.00   428.24951 HUE 1965 29/08/2016 C-2 Books